<?xml version="1.0" encoding="UTF-8"?>
<record
    xmlns:xsi="http://www.w3.org/2001/XMLSchema-instance"
    xsi:schemaLocation="http://www.loc.gov/MARC21/slim http://www.loc.gov/standards/marcxml/schema/MARC21slim.xsd"
    xmlns="http://www.loc.gov/MARC21/slim">

  <leader>01133nam a2200217Ia 4500</leader>
  <datafield tag="952" ind1=" " ind2=" ">
    <subfield code="0">0</subfield>
    <subfield code="1">0</subfield>
    <subfield code="4">0</subfield>
    <subfield code="7">0</subfield>
    <subfield code="a">04</subfield>
    <subfield code="b">04</subfield>
    <subfield code="d">2011-09-06</subfield>
    <subfield code="l">22</subfield>
    <subfield code="o">HQ784.M3 G7418</subfield>
    <subfield code="p">04 003579</subfield>
    <subfield code="r">2026-01-28</subfield>
    <subfield code="s">2017-03-22</subfield>
    <subfield code="t">1</subfield>
    <subfield code="w">2012-06-24</subfield>
    <subfield code="y">LB</subfield>
  </datafield>
  <datafield tag="999" ind1=" " ind2=" ">
    <subfield code="c">62918</subfield>
    <subfield code="d">62918</subfield>
  </datafield>
  <controlfield tag="008">120625s19841999es            000 0 esp d</controlfield>
  <datafield tag="020" ind1=" " ind2=" ">
    <subfield code="a">8471123029</subfield>
  </datafield>
  <datafield tag="050" ind1="1" ind2="4">
    <subfield code="a">HQ784.M3 </subfield>
    <subfield code="b">G7418</subfield>
  </datafield>
  <datafield tag="100" ind1="1" ind2=" ">
    <subfield code="a">Greenfield, Patricia Marks</subfield>
    <subfield code="e">, autor</subfield>
  </datafield>
  <datafield tag="245" ind1="1" ind2="3">
    <subfield code="a">El ni&#xF1;o y los medios de comunicaci&#xF3;n</subfield>
    <subfield code="b">: los efectos de la televisi&#xF3;n, video-juegos y ordenadores </subfield>
    <subfield code="c">/ Patricia Marks Greenfield</subfield>
  </datafield>
  <datafield tag="250" ind1=" " ind2=" ">
    <subfield code="a">2a edici&#xF3;n</subfield>
  </datafield>
  <datafield tag="260" ind1="3" ind2=" ">
    <subfield code="a">Espa&#xF1;a</subfield>
    <subfield code="a">: Madrid</subfield>
    <subfield code="b">: Ediciones Morata</subfield>
    <subfield code="c">, 1984</subfield>
  </datafield>
  <datafield tag="300" ind1=" " ind2=" ">
    <subfield code="a">243 p&#xE1;ginas</subfield>
    <subfield code="c">; 19 cm.</subfield>
  </datafield>
  <datafield tag="490" ind1=" " ind2=" ">
    <subfield code="a">Serie Bruner: El desarrollo en el ni&#xF1;o</subfield>
    <subfield code="v">; 16</subfield>
  </datafield>
  <datafield tag="500" ind1=" " ind2=" ">
    <subfield code="a">Reimpresi&#xF3;n 1999

Traducci&#xF3;n de: Mind and media.-- Incluye bibliograf&#xED;a e &#xED;ndice</subfield>
  </datafield>
  <datafield tag="505" ind1=" " ind2=" ">
    <subfield code="a">Los medio electr&#xF3;nicos
Cine y Televisi&#xF3;n como lectura
Televisi&#xF3;n y aprendizaje
El uso de la TV para superar situaciones de desventaja educativa
Comparaci&#xF3;n entre los distintos medios: imprenta, radios y TV
V&#xED;deo-juegos 
Irdenadores
Educaci&#xF3;n "multimedia"</subfield>
  </datafield>
  <datafield tag="519" ind1=" " ind2=" ">
    <subfield code="a">Plan Flexible /</subfield>
    <subfield code="b">Pedagog&#xED;a /</subfield>
    <subfield code="c">Comunicaci&#xF3;n Educativa (P16) /</subfield>
    <subfield code="d">(04 003579)</subfield>
  </datafield>
  <datafield tag="650" ind1="1" ind2="0">
    <subfield code="a">MEDIOS DE COMUNICACION DE MASAS</subfield>
  </datafield>
  <datafield tag="650" ind1="2" ind2="0">
    <subfield code="a">DESARROLLO INFANTIL   </subfield>
  </datafield>
  <datafield tag="942" ind1=" " ind2=" ">
    <subfield code="c">LB</subfield>
  </datafield>
</record>
